[Event "Niederoesterreich Landesliga 1819"]
[Site "Austria"]
[Date "2019.04.07"]
[Round "11.3"]
[White "Vrana, Frantisek"]
[Black "Neumann, Christian"]
[Result "1/2-1/2"]
[WhiteElo "2252"]
[BlackElo "1966"]
[PlyCount "92"]
[EventDate "2018.09.30"]
[EventType "team-tourn"]
[EventRounds "11"]
[EventCountry "AUT"]
[SourceTitle "EXT 2021"]
[Source "ChessBase"]
[SourceDate "2020.10.23"]
[SourceVersion "1"]
[SourceVersionDate "2020.10.23"]
[SourceQuality "1"]
[WhiteTeam "Mistelbach/Altlichtenwarth"]
[BlackTeam "Boehlerwerk"]
[WhiteTeamCountry "AUT"]
[BlackTeamCountry "AUT"]

1. e4 c5 2. Nf3 d6 3. g3 Nc6 4. Bg2 g6 5. d4 cxd4 6. Nxd4 Bg7 7. Ne2 Nf6 8. Nbc3 Bd7 9. a4 0-0 10. 0-0 Re8 11. Nd5 Na5 12. Ra2 Rc8 13. b3 Nc6 14. c4 Nxd5 15. exd5 Nb4 16. Rd2 Bg4 17. f3 Bd7 18. Re1 Na6 19. Bb2 Bxb2 20. Rxb2 Nc5 21. Qd4 a6 22. a5 Qc7 23. Rd1 Rb8 24. Nc3 Rec8 25. Bf1 Qd8 26. Ra1 Qe8 27. Qd1 b5 28. cxb5 axb5 29. Ne2 Na6 30. Nf4 Rc3 31. Qd4 Qc8 32. Re1 Qc5 33. Qxc5 dxc5 34. Rxe7 Be8 35. b4 Rc1 36. Ra7 Nc7 37. h4 Bd7 38. Kf2 Bc8 39. Bd3 Bb7 40. Be4 Na6 41. Bd3 Nc7 42. Bc2 Rh1 43. Kg2 Re1 44. Bb3 Na6 45. Nd3 Re3 46. Bc2 Nc7 1/2-1/2

[Event "Niederoesterreich Landesliga 0910"]
[Site "Austria"]
[Date "2010.01.10"]
[Round "7"]
[White "Posch, Roland"]
[Black "Neumann, Christian"]
[Result "0-1"]
[WhiteElo "2074"]
[BlackElo "1971"]
[PlyCount "108"]
[EventDate "2009.09.06"]
[EventType "team-tourn"]
[EventRounds "11"]
[EventCountry "AUT"]
[SourceTitle "EXT 2022"]
[Source "ChessBase"]
[SourceDate "2021.10.06"]
[SourceVersion "1"]
[SourceVersionDate "2021.10.06"]
[SourceQuality "1"]

1. e4 e5 2. Nf3 Nc6 3. Nc3 Nf6 4. d4 exd4 5. Nxd4 Bb4 6. Nxc6 bxc6 7. Bd3 d5 8. exd5 cxd5 9. 0-0 0-0 10. Bg5 c6 11. Qf3 Be7 12. Rae1 Qd6 13. Bf4 Qd7 14. Ne2 Bc5 15. h3 Qb7 16. Ng3 Be6 17. b3 Qd7 18. Bg5 Be7 19. Qf4 Qd8 20. Qh4 g6 21. f4 Rb8 22. f5 Rb4 23. Qh6 Ng4 24. Bxe7 Qb6+ 25. Kh1 Nxh6 26. fxe6 Qb8 27. Bxf8 Kxf8 28. exf7 Nxf7 29. Ne2 Kg7 30. c3 Rh4 31. Nd4 Ng5 32. Re7+ Kh6 33. Rf6 Nxh3 34. Nf5+ Kg5 35. Rxc6 Nf2+ 36. Kg1 Nxd3 37. Nxh4 Kxh4 38. Rxh7+ Kg5 39. Rh3 Ne5 40. Ra6 Ng4 41. Ra4 Qe5 42. Rxg4+ Kxg4 43. a4 a5 44. Rf3 Qe1+ 45. Kh2 g5 46. Rd3 Qe5+ 47. Kg1 Kf5 48. Kf2 g4 49. b4 axb4 50. cxb4 Qe4 51. Rd2 g3+ 52. Kf1 Qb1+ 53. Ke2 Ke4 54. b5 d4 0-1

[Event "Niederoesterreich Landesliga 0708"]
[Site "Austria"]
[Date "2008.03.09"]
[Round "10"]
[White "Neumann, Christian"]
[Black "Polsterer, Heinz"]
[Result "1-0"]
[WhiteElo "1957"]
[BlackElo "2001"]
[PlyCount "111"]
[EventDate "2007.09.16"]
[EventType "team-tourn"]
[EventRounds "13"]
[EventCountry "AUT"]
[SourceTitle "EXT 2022"]
[Source "ChessBase"]
[SourceDate "2021.10.06"]
[SourceVersion "1"]
[SourceVersionDate "2021.10.06"]
[SourceQuality "1"]

1. c4 f5 2. Nc3 g6 3. d4 Nf6 4. Bg5 Bg7 5. g3 d6 6. Nf3 c6 7. Bg2 0-0 8. 0-0 a5 9. Re1 Ne4 10. Bc1 d5 11. Qb3 e6 12. Bf4 Nd7 13. h4 Ndf6 14. Ne5 Nh5 15. e3 Bxe5 16. dxe5 Nd2 17. Qc2 Nxc4 18. Rad1 Nxf4 19. exf4 b5 20. Ne2 Bd7 21. b3 Nb6 22. Nd4 Rc8 23. Qc5 Na8 24. Re2 Rf7 25. Rc2 Re7 26. Rdc1 Kf7 27. Qd6 Qe8 28. Bf1 Rb8 29. Be2 Rb7 30. Kg2 Nb6 31. h5 Nc8 32. Qc5 Na7 33. hxg6+ hxg6 34. Rh1 Kg8 35. Rcc1 Rh7 36. Rxh7 Kxh7 37. g4 fxg4 38. Bxg4 Qf7 39. Kg3 g5 40. fxg5 Kg8 41. Rh1 Nc8 42. Rh6 Ne7 43. Rxe6 Ng6 44. Nf5 Kh7 45. Qc1 Qxe6 46. Qh1+ Kg8 47. Nh6+ Kg7 48. Bxe6 Bxe6 49. Qf3 Re7 50. Qf6+ Kh7 51. f4 d4 52. f5 Bxf5 53. Qxf5 d3 54. Qxd3 Rxe5 55. Ng4 Rd5 56. Nf6+ 1-0

[Event "Werther Schloss op-B 8th"]
[Site "Werther"]
[Date "2002.03.22"]
[Round "1"]
[White "Neumann, Christian"]
[Black "Rogulis, Uldis"]
[Result "1/2-1/2"]
[WhiteElo "1760"]
[BlackElo "1901"]
[PlyCount "61"]
[EventDate "2002.03.22"]
[EventType "swiss"]
[EventRounds "5"]
[EventCountry "GER"]
[SourceTitle "EXT 2006"]
[Source "ChessBase"]
[SourceDate "2005.11.24"]
[SourceVersion "1"]
[SourceVersionDate "2005.11.24"]
[SourceQuality "1"]

1. d4 d5 2. c4 c6 3. Nf3 Nf6 4. e3 Bf5 5. Nc3 e6 6. Bd3 Bxd3 7. Qxd3 Bd6 8. 0-0 0-0 9. c5 Bc7 10. b4 a6 11. Bd2 Nbd7 12. a4 e5 13. e4 dxe4 14. Nxe4 Re8 15. dxe5 Nxe4 16. Qxe4 Nxe5 17. Bc3 Nxf3+ 18. Qxf3 Be5 19. Rad1 Qc7 20. g3 Bxc3 21. Qxc3 Rad8 22. Rfe1 Rxe1+ 23. Rxe1 Qd7 24. Qe3 Kf8 25. Qf4 Qd4 26. Qc7 Qd7 27. Qf4 Qd2 28. Qe5 Qd7 29. Qf4 f6 30. h4 Qd4 31. Qc7 1/2-1/2